Managing the non-profit organization (Registro nro. 297732)

Detalles MARC
000 -ENCABEZADO
Número de control [NR] 00939cam a2200241Ka 4500
005 - FECHA Y HORA DE LA ÚLTIMA TRANSACCIÓN
control field 20260120113118.0
008 - DE LONGITUD FIJA DE DATOS DE ELEMENTOS - INFORMACIÓN GENERAL
Elementos de longitud fija [NR] 141203s2005 xxu fr 001 0 eng d
020 ## - NUMERO INTERNACIONAL NORMALIZADO PARA LIBROS [R]
Número Internacional Normalizado del libro [NR] 9780060851149
040 ## - FUENTE DE CATALOGACION [NR]
Agencia de catalogación original [NR] CO-BoUCM
Quien Cataloga Jose A. Gerena
Quien Clasifica Sandra Palacio (modificó)
Idioma de catalogación [NR] spa
041 0# - CODIGO DE IDIOMA [R]
Código de idioma para texto/pista de sonido o título separado [R] Inglés
100 1# - ASIENTO PRINCIPAL--NOMBRE PERSONAL [NR]
Nombre personal [NR] Drucker, Peter F.
Forma más completa del nombre [NR] (Peter Ferdinand)
Fechas asociadas con el nombre [NR] 1909-2005
ID Autoridad 66179
245 10 - MENCION DE TITULO [NR]
Título [NR] Managing the non-profit organization
Parte restante del título [NR] practices and principles
Mención de responsabilidad, etc. [NR] Peter F. Drucker
246 14 - FORMA VARIANTE DEL TITULO [R]
Título propiamente dicho/forma breve del título [NR] Managing the nonprofit organization
260 ## - PUBLICACION, DISTRIBUCION, ETC. (PIE DE IMPRENTA) [R]
Lugar de publicación, distribución, etc. [R] Nueva York (Estados Unidos)
Nombre del editor, distribuidor, etc. [R] Harper
Fecha de publicación, distribución, etc. [R] 2005
300 ## - DESCRIPCION FISICA [R]
Extensión [R] xix, 235 páginas
500 ## - NOTA GENERAL [R]
Nota general [NR] Incluye índice.
650 #7 - ASIENTO SECUNDARIO DE MATERIA - TERMINO TEMATICO [R]
Término temático o nombre geográfico como elemento de entrada [NR] Administración de empresas
9 (RLIN) 435
650 #7 - ASIENTO SECUNDARIO DE MATERIA - TERMINO TEMATICO [R]
Término temático o nombre geográfico como elemento de entrada [NR] Organizaciones sin animo de lucro
Subdivisión general [R] Administración
9 (RLIN) 20872
650 #7 - ASIENTO SECUNDARIO DE MATERIA - TERMINO TEMATICO [R]
Término temático o nombre geográfico como elemento de entrada [NR] Planificación empresarial
9 (RLIN) 21660
690 ## - ASUNTO AGREGADO LOCAL DE ENTRADA - TÉRMINO TEMÁTICO (OCLC, RLIN)
Acceso temático local Administración de empresas
9 (RLIN) 435
942 ## - ELEMENTOS DE ENTRADA AGREGADOS (KOHA)
Sistema de clasificación DEWEY
Tema principal Administración
Tipo de ítem principal el descrito en 300a Libro
Edición 1
Clasificación 658.4063
Parte restante de la signatura top. D794
Título oculto en OPAC No
Existencias
Signatura topográfica Código de barras Última vez visto Ejemplar Costo de reposición Price effective from Tipo de ítem Perdido Sistema de clasificación Dañado No prestable Tipo de ítem específico Suprimido Ubicación habitual Ubicación actual Localización Fecha de creación Proveedor Forma de adquisición Costo
658.4063 D794 100144102 10/12/2025 Ej.1 27869.00 28/11/2014 Libro de reserva   DEWEY     Libro de reserva   Sede del emprendimiento y la innovación Sede del Emprendimiento, Innovación y Creación 1er piso 28/11/2014 15 Compra 28116.00